[Event "IECC P email"]
[Site "IECC email"]
[Date "2002.10.21"]
[Round "?"]
[White "Malmstroem, Jan"]
[Black "Drobak, Bjorn"]
[Result "0-1"]
[WhiteElo "1959"]
[BlackElo "2098"]
[PlyCount "84"]
[EventDate "2002.??.??"]
[EventType "tourn (corr)"]
[EventRounds "6"]
[SourceTitle "Corr 2008"]
[Source "ChessBase"]
[SourceDate "2008.06.24"]
[SourceVersion "1"]
[SourceVersionDate "2008.06.24"]
[SourceQuality "1"]

1. e4 c5 2. Nf3 d6 3. d4 cxd4 4. Nxd4 Nf6 5. Nc3 a6 6. Be2 e5 7. Nb3 Be7 8. 0-0 0-0 9. Kh1 b6 10. f3 Bb7 11. Be3 b5 12. Qd2 Nbd7 13. a3 Rc8 14. Rad1 Qc7 15. g4 Rfe8 16. g5 Nh5 17. Rg1 Nf8 18. Nc1 Ne6 19. Nd3 f6 20. g6 hxg6 21. Bf1 Kh7 22. Bh3 Bd8 23. Nb4 Qf7 24. Nbd5 g5 25. Qd3 g6 26. Rd2 Rf8 27. Bxe6 Qxe6 28. Qf1 Ba5 29. b4 Bd8 30. Qg2 Rc4 31. Qe2 Nf4 32. Bxf4 gxf4 33. a4 Bc6 34. Qf2 f5 35. Qa7+ Rf7 36. Qf2 fxe4 37. fxe4 Bxd5 38. Nxd5 Rxe4 39. Qf3 Rc4 40. axb5 axb5 41. c3 Qf5 42. Rdd1 e4 0-1

[Event "IECC CL2-1999.18"]
[Site "IECC email"]
[Date "1999.05.14"]
[Round "?"]
[White "Drobak, Bjorn"]
[Black "Romero Valencia, Fernando"]
[Result "1-0"]
[WhiteElo "2015"]
[BlackElo "2010"]
[PlyCount "39"]
[EventDate "1999.??.??"]
[EventType "tourn (corr)"]
[EventRounds "4"]
[SourceTitle "Corr 2008"]
[Source "ChessBase"]
[SourceDate "2008.06.24"]
[SourceVersion "1"]
[SourceVersionDate "2008.06.24"]
[SourceQuality "1"]

1. e4 c5 2. Nf3 e6 3. d4 cxd4 4. Nxd4 Qb6 5. Nb3 Qc7 6. c4 Nf6 7. Nc3 Bb4 8. Bd3 Nc6 9. Bd2 Ne5 10. Qe2 0-0 11. 0-0 Nfg4 12. Bf4 Bxc3 13. bxc3 d6 14. c5 Nf6 15. cxd6 Qxd6 16. Rad1 Qc7 17. c4 Bd7 18. Bxe5 Qxe5 19. f4 Ne8 20. fxe5 1-0

[Event "IECC CL2-1999.18"]
[Site "IECC email"]
[Date "1999.05.14"]
[Round "?"]
[White "Hosch, William"]
[Black "Drobak, Bjorn"]
[Result "0-1"]
[WhiteElo "2089"]
[BlackElo "2030"]
[PlyCount "80"]
[EventDate "1999.??.??"]
[EventType "tourn (corr)"]
[EventRounds "4"]
[SourceTitle "Corr 2008"]
[Source "ChessBase"]
[SourceDate "2008.06.24"]
[SourceVersion "1"]
[SourceVersionDate "2008.06.24"]
[SourceQuality "1"]

1. d4 c6 2. c4 d5 3. Nf3 Nf6 4. Nc3 dxc4 5. a4 Bf5 6. e3 e6 7. Bxc4 Bb4 8. Qb3 a5 9. 0-0 Nbd7 10. Nh4 Bg4 11. f3 Nd5 12. g3 Bh3 13. Ng2 0-0 14. Ne4 N5b6 15. Be2 e5 16. dxe5 Nxe5 17. Rd1 Be6 18. Qc2 Qe7 19. f4 f5 20. Ng5 Bc4 21. e4 Bxe2 22. Qxe2 Bc5+ 23. Kh1 h6 24. Nh3 Ng4 25. e5 Rfd8 26. Rf1 Qe6 27. Be3 Nxe3 28. Nxe3 g6 29. Rf3 Rd4 30. b3 Rad8 31. Nf1 Nd5 32. Nf2 Nb4 33. h4 R4d5 34. Kg2 g5 35. Rb1 g4 36. Rc3 Bd4 37. Rc4 b5 38. axb5 cxb5 39. Rxd4 Rxd4 40. Qxb5 R4d5 0-1

[Event "IECC O email"]
[Site "IECC email"]
[Date "1998.12.05"]
[Round "?"]
[White "Femmel, Don"]
[Black "Drobak, Bjorn"]
[Result "1/2-1/2"]
[WhiteElo "2013"]
[BlackElo "2034"]
[PlyCount "75"]
[EventDate "1998.??.??"]
[EventType "tourn (corr)"]
[EventRounds "6"]
[SourceTitle "Corr 2008"]
[Source "ChessBase"]
[SourceDate "2008.06.24"]
[SourceVersion "1"]
[SourceVersionDate "2008.06.24"]
[SourceQuality "1"]

1. e4 c6 2. d4 d5 3. e5 Bf5 4. Nf3 e6 5. Be2 Nd7 6. 0-0 h6 7. c3 Ne7 8. Nh4 Bh7 9. Qb3 Qc7 10. f4 0-0-0 11. Be3 f6 12. Nd2 fxe5 13. fxe5 g5 14. Nhf3 Nf5 15. Bf2 g4 16. Nh4 Be7 17. Nxf5 Bxf5 18. c4 Nb6 19. a4 Bg5 20. a5 Nxc4 21. Nxc4 dxc4 22. Bxc4 Qd7 23. Rad1 Kb8 24. a6 b6 25. Bg3 Qe7 26. Qc3 h5 27. b4 h4 28. Bf4 Rhf8 29. b5 Bxf4 30. Rxf4 c5 31. Be2 Qg5 32. Rdf1 cxd4 33. Rxd4 Rc8 34. Qa3 Rfd8 35. Rxd8 Rxd8 36. Rd1 Rxd1+ 37. Bxd1 Qd2 38. Qf8+ 1/2-1/2

[Event "IECC Trio theme 247 email"]
[Site "IECC email"]
[Date "1998.11.07"]
[Round "?"]
[White "Kuitert, Christian"]
[Black "Drobak, Bjorn"]
[Result "0-1"]
[WhiteElo "1873"]
[BlackElo "1999"]
[PlyCount "32"]
[EventDate "1998.??.??"]
[EventType "tourn (corr)"]
[EventRounds "4"]
[SourceTitle "Corr 2008"]
[Source "ChessBase"]
[SourceDate "2008.06.24"]
[SourceVersion "1"]
[SourceVersionDate "2008.06.24"]
[SourceQuality "1"]

1. e4 c5 2. Nf3 d6 3. d4 cxd4 4. Nxd4 Nf6 5. Nc3 g6 6. Be3 Bg7 7. f3 0-0 8. Qd2 Nc6 9. Bc4 Bd7 10. 0-0-0 Rc8 11. Bb3 Ne5 12. h4 h5 13. Bg5 Rc5 14. g4 hxg4 15. f4 Nc4 16. Qe2 Qc8 0-1

[Event "IECC TH-M email"]
[Site "IECC email"]
[Date "1998.09.19"]
[Round "?"]
[White "Drobak, Bjorn"]
[Black "Endean, Andrew"]
[Result "1-0"]
[WhiteElo "2035"]
[BlackElo "1970"]
[PlyCount "101"]
[EventDate "1998.??.??"]
[EventType "match (corr)"]
[EventRounds "2"]
[SourceTitle "Corr 2008"]
[Source "ChessBase"]
[SourceDate "2008.06.24"]
[SourceVersion "1"]
[SourceVersionDate "2008.06.24"]
[SourceQuality "1"]

1. g4 d5 2. Bg2 c6 3. h3 e5 4. d4 e4 5. c4 Ne7 6. Nc3 h5 7. gxh5 Rxh5 8. cxd5 cxd5 9. Bf4 Qb6 10. Rb1 Ng6 11. Bg3 Be6 12. e3 Rh8 13. Nge2 Nc6 14. a3 Rc8 15. Qa4 Be7 16. b4 Kf8 17. Qb3 Qd8 18. Nf4 Nxf4 19. Bxf4 Qd7 20. Rc1 Bf6 21. Na4 b6 22. Bg3 g5 23. Kd2 Kg7 24. Rc2 Ne7 25. Rxc8 Nxc8 26. Nc3 Ne7 27. Kc2 a6 28. Kb2 Nf5 29. Bf1 a5 30. Bh2 Ne7 31. bxa5 bxa5 32. Qb6 Bxh3 33. Bg3 Qe6 34. Qxe6 Bxe6 35. Rxh8 Kxh8 36. Bc7 Kg7 37. Bxa5 g4 38. Bc7 Kf8 39. a4 Bh4 40. Nd1 Ke8 41. a5 Kd7 42. Bb6 Kc8 43. a6 Bd7 44. Bc5 f5 45. Bd6 Nc6 46. Nc3 Bxf2 47. Nxd5 Be6 48. Nb6+ Kd8 49. Bf4 Na7 50. d5 Bc8 51. Kc3 1-0

[Event "IECC M email"]
[Site "IECC email"]
[Date "1998.09.12"]
[Round "?"]
[White "Dunn, Paul Michael"]
[Black "Drobak, Bjorn"]
[Result "1/2-1/2"]
[WhiteElo "1798"]
[BlackElo "1908"]
[PlyCount "95"]
[EventDate "1998.??.??"]
[EventType "tourn (corr)"]
[EventRounds "12"]
[SourceTitle "Corr 2008"]
[Source "ChessBase"]
[SourceDate "2008.06.24"]
[SourceVersion "1"]
[SourceVersionDate "2008.06.24"]
[SourceQuality "1"]

1. b3 d5 2. Nf3 c6 3. Bb2 Bg4 4. g3 Nd7 5. Bg2 Ngf6 6. 0-0 e6 7. d4 Bd6 8. Nbd2 0-0 9. c4 Qe7 10. Ne5 Bf5 11. Nxd7 Qxd7 12. Rc1 Rfe8 13. Nf3 Qe7 14. Ne5 Nd7 15. Nxd7 Qxd7 16. f3 dxc4 17. e4 Bg6 18. bxc4 c5 19. f4 Rad8 20. e5 Bf8 21. d5 exd5 22. cxd5 b5 23. g4 h6 24. f5 Bh7 25. Qf3 c4 26. e6 Qc7 27. f6 Bd6 28. h3 Bd3 29. Rfe1 fxe6 30. dxe6 gxf6 31. Qxf6 Kh7 32. g5 hxg5 33. Qxg5 Qc5+ 34. Qxc5 Bxc5+ 35. Kh1 Rd6 36. Re5 Bb6 37. e7 b4 38. Rce1 c3 39. Bc1 Bf2 40. Be4+ Bxe4+ 41. R1xe4 Rd1+ 42. Kg2 Rxc1 43. Kxf2 Rh1 44. Rg4 Rxh3 45. Kg2 Rh6 46. Rxb4 Rc6 47. Rg4 Rg6 48. Kf3 1/2-1/2